Law of trade marks and passing off : Covering full text of the trade marks act, 1999 and the trade marks rules, 2002. (Supplement to 5th ed) (Record no. 42077)

MARC details
000 -LEADER
fixed length control field 00418nam a2200121Ia 4500
020 ## - INTERNATIONAL STANDARD BOOK NUMBER
ISBN 8171771483
082 ## - DEWEY DECIMAL CLASSIFICATION NUMBER
Classification number 347.772
Item number NAR
100 ## - MAIN ENTRY--AUTHOR NAME
Personal name Narayanan, P
245 #0 - TITLE STATEMENT
Title Law of trade marks and passing off : Covering full text of the trade marks act, 1999 and the trade marks rules, 2002. (Supplement to 5th ed)
260 ## - PUBLICATION, DISTRIBUTION, ETC. (IMPRINT)
Place of publication Kolkata
Name of publisher Eastern Law House
Year of publication 2002
942 ## - ADDED ENTRY ELEMENTS (KOHA)
Koha item type Books
Holdings
Withdrawn status Lost status Damaged status Not for loan Home library Current library Date acquired Cost, normal purchase price Full call number Accession Number Koha item type
        RRII Library RRII Library 16/12/2021 125.00 347.772 NAR 22354 Books